| 000 | 005350000a22001690004500 | ||
|---|---|---|---|
| 003 | MACL | ||
| 005 | 20160315162858.0 | ||
| 008 | 160315b xxu||||| |||| 00| 0 eng d | ||
| 040 |
_aMACL _cMACL |
||
| 041 | _aHindi | ||
| 082 | _a920 | ||
| 100 |
_aनिर्मला देशपांडे _940052 |
||
| 245 | _aविनोबा के साथ | ||
| 260 |
_bअखिल भारत सर्व सेवा संघ प्रकाशन _c1956 _aकाशी |
||
| 650 |
_aAutobiography _946261 |
||
| 942 |
_cHIN _k920 _2ddc |
||
| 999 |
_c25545 _d25545 |
||